000 00333nam a22001457a 4500
008 231102b ||||| |||| 00| 0 eng d
020 _a9780521433280
041 _aeng
080 _a53
082 _a53HAL
100 _a23
101 _aFIZIK
245 _aPHYSICAL ORIGINS OF TIMNE ASYMMETRY
_cHALLIWELL .J .J
942 _2udc
_cBK
999 _c60485
_d60485